| 000 | 00637nam a2200253Ia 4500 | ||
|---|---|---|---|
| 005 | 20250425162552.0 | ||
| 008 | 250425s9999 xx 000 0 und d | ||
| 020 | _a0124165206 | ||
| 041 | _aeng | ||
| 043 | _aflu | ||
| 082 | _a005.133 | ||
| 100 | _aKLUZNIAK, FELIKS | ||
| 245 | 0 | _aPROLOG FOR PROGRAMMERS | |
| 250 | _aS.E. | ||
| 260 |
_aEstados Unidos _bACADEMIA PRESS _c1985 |
||
| 260 | _aORLANDO | ||
| 300 | _a400 | ||
| 500 | _aAPIC STUDIES IN DATA PROCESSING SERIES NO.24 | ||
| 650 | _aELECTRONICA DIGITAL | ||
| 650 | _aLENGUAJE DE PROGRAMACION | ||
| 700 | _aSZPAKOWICZ, STANISLAW | ||
| 942 | _c01 | ||
| 010 | _a86242 | ||
| 999 |
_c231933 _d231933 |
||